00820nam a2200253 a 4500001001300000003000900013005001700022008004100039020001300080082001800093100001800111245007700129260003800206300000900244500003500253505005300288650001900341650003300360700001800393902000800411942000700419952012300426999001700549nice12345678IN_TiNIC20260116015215.0050524s1999 mina grp 000 0 eng  ac1147.700a297.1226bKAL aKaltner, John aIshmael Instructs Isaacb an Introduction to the Quran for Bible Readers aMinnesotabLiturgical Pressc1999 a308p aincludes index and biblioraphy2 aindex of bible passages, index of quran passages aQuran-Theology aIslam-Relations Christianity1 aKaltner, John bSRS cBK 001040708StackRoom-aHMIbHMId2007-08-01g1147.70l0o297.1226 KALp11001207r2007-08-01v1147.70w2005-05-24yBK c18760d18760